[Event "Linares 15th"]
[Site "Linares"]
[Date "1998.03.09"]
[Round "14"]
[White "Kramnik, Vladimir"]
[Black "Anand, Viswanathan"]
[Result "1/2-1/2"]
[WhiteElo "2790"]
[BlackElo "2770"]
[Annotator "Gershon,A"]
[PlyCount "67"]
[EventDate "1998.02.22"]
[EventType "tourn"]
[EventRounds "12"]
[EventCountry "ESP"]
[EventCategory "21"]
[SourceTitle "CBM 064"]
[Source "ChessBase"]
[SourceDate "1998.06.02"]
[SourceVersion "1"]
[SourceVersionDate "1998.06.02"]
[SourceQuality "1"]

1. Nf3 Nf6 2. c4 e6 3. Nc3 Bb4 4. Qc2 O-O 5. a3 Bxc3 6. Qxc3 b6 7. d4 Bb7 8.
Bg5 d6 9. Nd2 Nbd7 (9... h6 10. Bh4 Nbd7 11. f3 d5 12. cxd5 exd5 13. e3 Re8 14.
Bf2 c5 15. Bb5 a6 16. Bd3 cxd4 17. Qxd4 Nc5 18. O-O Nxd3 19. Qxd3 Nd7 20. Qd4
$14 {1/2-1/2 Lerner,K-Almasi,Z/Vienna op 1996 (29)}) 10. f3 d5 $146 (10... c5
11. e4 cxd4 (11... h6 12. Bh4 Re8 13. Bd3 cxd4 14. Qxd4 Ne5 15. Bc2 Ng6 16. Bf2
d5 17. e5 Nd7 18. f4 Rc8 19. O-O dxc4 20. Rad1 Ndf8 21. Nxc4 $16 {1/2-1/2
Sokolov,I-Cvetkovic,S/JUG-chT Cetinje 1991 (38)}) 12. Qxd4 Qc7 13. Be2 d5 14.
exd5 exd5 15. O-O Rac8 16. Rfe1 Rfe8 {1/2-1/2 Hillarp Persson,T-Stefansson,H/
VISA ch-Nordic, Reykjavic ISL 1997}) (10... h6 11. Bh4 d5 (11... c5 12. e3 d5
13. dxc5 bxc5 14. Bd3 Qb6 15. Bf2 a5 16. b3 {In the game this move wasn't good
because the e3 pawn isn't defended. ( 0-0 instead of Bf2).} (16. O-O {-game})
16... Rfc8 17. O-O Ba6 18. Rab1 Qc6 19. Rfc1 Nb6 20. cxd5 exd5 21. Bf5 Nfd7 22.
b4 axb4 23. axb4 Qd6 24. Bg3 Qe7 25. bxc5 Rxc5 26. Qd4 $16 {1-0 Hauchard,
A-Tondivar,B/Interteam ch, Antwerp BEL 1998 (43)}) (11... Rc8 12. e4 e5 (12...
c5 13. Bd3 d5 14. exd5 exd5 15. O-O cxd4 16. Qxd4 Nc5 17. Bxf6 Qxf6 18. Qxf6
gxf6 19. Bf5 Rcd8 20. Rfe1 Ba6 21. Rac1 dxc4 22. Nxc4 Nb3 23. Rc3 Nd4 24. Bh3
$14 {Kasparov,G-Kramnik,V/It, Linares ESP 1998/1/2-1/2 (52) -Played in the
preivous round}) 13. Bd3 Nxe4 $5 14. Bxd8 Nxc3 15. Bh4 e4 16. Bc2 (16. fxe4
Nxe4 17. Bxe4 Bxe4 18. Nxe4 Rfe8 $19) 16... exf3 17. bxc3 Rce8+ 18. Kd1 fxg2
19. Rg1 Re3 20. Bf5 Bc6 21. a4 Nb8 22. Kc2 g6 23. d5 Bd7 24. Bxd7 Nxd7 25. Rxg2
Rfe8 26. Rf1 Nc5 $15 {0-1 Ivanchuk,V-Karpov,A/Moscow blitz 1993 (32)}) 12. e3
c5 13. cxd5 exd5 14. Bb5 Ne4 15. Bxd8 Nxc3 16. bxc3 Rfxd8 17. Kf2 Rac8 18. Rac1
Rc7 19. Nb3 Bc6 20. Bxc6 Rxc6 21. Rhd1 c4 22. Nd2 b5 23. e4 $14 {Hoang Than
Trang-Stummer,A/Budapest FS09 IM-B 1994/1-0 (51)}) 11. e3 c5 12. dxc5 bxc5 (
12... Nxc5 $6 13. cxd5 Bxd5 (13... exd5 14. Bxf6 Qxf6 15. Qxf6 gxf6 16. b4 Ne6
17. Bd3 Rfe8 18. Kf2 $14) 14. e4 Bb7 15. e5 h6 16. exf6 hxg5 17. fxg7 Re8 18.
Bb5 Rc8 19. Rd1 $16) 13. Bd3 Qb6 (13... h6 $6 14. Bh4 Qb6 15. Bf2 a5 16. b3 $14
{And white is able to prevent the blocking of the queen side pawns}) 14. O-O h6
15. Bh4 a5 16. Bf2 (16. b3 a4 17. Rab1 (17. b4 $4 cxb4 $19 {[%csl Ge3]}) 17...
axb3 18. Qxb3 Qxb3 19. Rxb3 Ba6 $11 {[%cal Rd7e5]}) 16... a4 17. Rfe1 {/\ 18.
cd5 ed5 19.e4: Creating space for manoeuvring : xc4 openong lines for rooks
and bishops etc.} Rfe8 18. Rab1 (18. cxd5 exd5 19. e4 dxe4 20. Nxe4 Nxe4 21.
Bxe4 Bxe4 22. fxe4 Rab8 $15 {[%csl Gb2,Ge4]}) 18... Ba6 19. Qc2 {By retreating
his queen to c2 Kramnik reduces black's tactical possibilities and puts some
pressure on a4 but he also gives black an important square (e5) forthe knights.
I think white should have waited a bit with the retreat since black will have
difficulties with finding good positions for his pieces.} (19. Bf1 $5 {[%cal
Gf2g3,Rg3b8]}) 19... Ne5 20. Bf1 Qc6 21. Bg3 Ned7 (21... Nxc4 $2 22. Nxc4 Bxc4
23. Bxc4 dxc4 24. Qxc4 {[%csl Ga4,Gc5][%cal Gg3b8,Gb1c1] And black doesn't
have the 'b' file to create counterchances}) 22. Bf2 Ne5 23. h3 {[%cal Gf3f4]}
Nfd7 24. f4 $2 (24. Bg3 $16 {Kramnik}) 24... Nxc4 $1 (24... Ng6 25. g3 Z0 26.
Bg2 Z0 27. g4 {Kramnik}) 25. Nxc4 Bxc4 26. Bxc4 dxc4 27. Qxc4 Rab8 {As opposed
to take the pawn on his 21st move, now black has the control over the b file
which guarantees him a sufficient counterplay .} 28. Re2 Rb3 29. Rd1 Nb6 30.
Qc1 e5 31. e4 exf4 32. Qxf4 Nc4 33. e5 Qe6 (33... Nxb2 $2 34. Rd6 $1 Qb5 35. e6
$1 fxe6 (35... Qxe2 36. exf7+ Kh8 37. f8=Q+ Rxf8 38. Qxf8+ Kh7 39. Qf5+ $18)
36. Qg4 (36. Rexe6 $2 Rxe6 37. Rxe6 Nd3 38. Qe4 Rb1+ 39. Kh2 Rh1+ $1 40. Kg3
Qb8+ 41. Kh4 Qd8+) 36... Rxa3 37. Rexe6 Ra1+ 38. Kh2 Qb8 (38... Rf8 39. Re7 $18
) 39. Bg3 $18) 34. Bxc5 (34. Bxc5 Rxb2 35. Re4 Rc2 (35... Nxe5 36. Bf2 $13) 36.
Bd6 $11) 1/2-1/2

[Event "Amber-blindfold 07th"]
[Site "Monte Carlo"]
[Date "1998.03.17"]
[Round "5"]
[White "Sadler, Matthew D"]
[Black "Kramnik, Vladimir"]
[Result "0-1"]
[WhiteElo "2650"]
[BlackElo "2790"]
[PlyCount "70"]
[EventDate "1998.03.13"]
[EventType "tourn (rapid)"]
[EventRounds "11"]
[EventCountry "MNC"]
[EventCategory "18"]
[SourceTitle "CBM 063 Extra"]
[Source "ChessBase"]
[SourceDate "1998.04.29"]
[SourceVersion "1"]
[SourceVersionDate "1998.04.29"]
[SourceQuality "1"]

1. e4 c5 2. Nf3 Nc6 3. c3 e6 4. d4 d5 5. exd5 exd5 6. Bb5 Bd6 7. dxc5 Bxc5 8.
O-O Nge7 9. Nbd2 Bg4 10. Qa4 Bd7 11. Nb3 Bb6 12. Qh4 O-O 13. Bd3 Bf5 14. Bxf5
Nxf5 15. Qh5 g6 16. Qh3 Re8 17. Bd2 h5 18. Rad1 Qd6 19. Nh4 Nxh4 20. Qxh4 Re4
21. Qg3 Qe6 22. Rfe1 Re8 23. h3 h4 24. Qg5 Rxe1+ 25. Rxe1 Qxe1+ 26. Bxe1 Rxe1+
27. Kh2 Bxf2 28. g4 hxg3+ 29. Kg2 Ne5 30. h4 Rg1+ 31. Kh3 Rh1+ 32. Kg2 Rh2+ 33.
Kf1 g2+ 34. Kxf2 g1=Q+ 35. Kxg1 Nf3+ 0-1

[Event "Amber-rapid 07th"]
[Site "Monte Carlo"]
[Date "1998.03.15"]
[Round "3"]
[White "Kramnik, Vladimir"]
[Black "Nikolic, Predrag"]
[Result "1/2-1/2"]
[WhiteElo "2790"]
[BlackElo "2635"]
[Annotator "Kostakiev,D"]
[PlyCount "126"]
[EventDate "1998.03.13"]
[EventType "tourn (rapid)"]
[EventRounds "11"]
[EventCountry "MNC"]
[EventCategory "18"]
[SourceTitle "CBM 063 Extra"]
[Source "ChessBase"]
[SourceDate "1998.04.29"]
[SourceVersion "1"]
[SourceVersionDate "1998.04.29"]
[SourceQuality "1"]

1. Nf3 Nf6 2. c4 e6 3. Nc3 Bb4 4. Qc2 O-O 5. a3 Bxc3 6. Qxc3 b6 7. d4 Bb7 8. e3
Ne4 9. Qc2 d6 10. Bd3 f5 11. b4 Nd7 12. Bb2 a5 (12... Ng5 13. d5 (13. Nh4 $5)
13... Nxf3+ 14. gxf3 Ne5 $132 {0-1 Lynge,M-Wells,P/Copenhagen Politiken 1996 
(26)} (14... Ne5 {Finkel,A} 15. O-O-O Nxd3+ 16. Qxd3 e5 17. f4 $16)) (12... Rf6
$5) (12... Qe7 $5 {Knaak,R-Adamski,J/Polanica Zdroj 1975/1-0 (47) Finkel,A}) (
12... c5 {Finkel,A} 13. O-O Rc8 (13... Qe7 {+/= Saeed,S-Qi,J/Taxco (izt) 1985 
(17)}) 14. Nd2 {Chekhov,V-Vaisser,A/USSR 1982 (52)}) (12... Rf6 $5 {1-0
Chekhov,V-Mozaliov,S/RUS-Cup02 1998/CBM 63/[Finkel,A]}) 13. O-O axb4 $146 (
13... Rf6 {Chekhov,V-Rashkovsky,N/USSR 1980/1-0 (40)}) (13... Ng5 {1/2-1/2
Arlandi,E-Guerra,J/Luzern olm 1982 (25)}) 14. axb4 {Opening the a-file gets
White a lot of play} Qe7 15. Nd2 Rxa1 (15... Qh4 16. f3 Rxa1 17. Bxa1 Nxd2 18.
Qxd2 $11) 16. Rxa1 Nxd2 17. Qxd2 Ra8 18. Rxa8+ Bxa8 {[^^ > N+B]} 19. f3 Nf6 20.
Qe1 Bc6 21. Qa1 Qd8 22. d5 {It seems that White worses his P's structur (the P
b4 is weak), but as a compensation White receives from one side the central
P's control (e4,d4) and from the other side he is attempting to open diagonals
for his 2 BB. This manner is a kind of positional P's structur sacrifise for
another positional advantage. Here specificaly the presence of QQ is in favor
of Black's defense. As Capablanka used to say Q+N is stronger than Q+B. in
many endgames occasions. (But let us underline- not always!).} (22. b5 $5) (22.
Qe1 $14) 22... exd5 23. cxd5 (23. Bxf6 $5 Qxf6 24. Qxf6 gxf6 25. cxd5 Bxd5 26.
Bxf5 $11) 23... Bxd5 $14 (23... Nxd5 $5) 24. Bxf5 Qe7 25. Qe1 Bf7 (25... Be6
26. Bc2) 26. Bc2 c5 27. bxc5 bxc5 28. Qc3 Ne8 29. e4 Qg5 30. Qe1 h6 31. Qf2 Bg6
32. h4 Qe7 33. Qg3 Bf7 34. Kh2 $11 d5 35. exd5 Bxd5 $11 36. Qf2 Bf7 37. Kg1 Nc7
38. Qg3 Ne8 39. Be5 c4 40. Qf4 Qe6 41. Qe4 (41. Kh1 Qe7 $14) 41... Nf6 42. Qd4
Ne8 43. Ba4 Nf6 44. Qd8+ Ne8 45. f4 Kh7 46. Bd7 Qd5 47. Qe7 Nf6 48. Bf5+ Kg8
49. Kh2 h5 (49... Ne8 $14) 50. Kg3 $11 (50. Qc7 $142) 50... Ne4+ 51. Kh2 Nf6
52. Qc7 Ng4+ $6 $16 {[#] may be (+)'s fever!} (52... Ne8 $142 53. Qc8 $14) 53.
Kg3 $6 $14 (53. Bxg4 $142) 53... Nf6 $16 (53... Qa8 54. Bxg4 hxg4 55. Qd7 $14)
54. Qc8+ Ne8 55. Bd7 Kf8 (55... Qd2 56. Kh2 $14) 56. Kh2 Ke7 57. Bc6 (57. Bxe8
{^-}) 57... Qe6 58. Qb7+ Kf8 59. Bf3 $11 (59. Bxe8 Qxe8 $11) 59... Qe7 {[#]}
60. Qc8 $2 $15 (60. Qxe7+ $142 Kxe7 (60... Kxe7 61. Kg1 $11) 61. Kg3 $11) 60...
Qxh4+ (60... Be6 61. Qa6 Qxh4+ 62. Kg1 Qe1+ 63. Kh2 Bf7 64. Qc8 $15) 61. Kg1
Qe1+ 62. Kh2 Qh4+ $11 (62... h4 $5 $15 63. Bd5 Bxd5 64. Qc5+ $11) 63. Kg1 Qe1+
$11 (63... Qe7 $17 64. Qf5 Nf6 65. Qc8+ Qe8 66. Qa6 Ng4 67. Bxg4 hxg4 68. Qa3+
$15 {^-}) 1/2-1/2

[Event "Amber-rapid 07th"]
[Site "Monte Carlo"]
[Date "1998.03.18"]
[Round "6"]
[White "Shirov, Alexei"]
[Black "Kramnik, Vladimir"]
[Result "1/2-1/2"]
[WhiteElo "2710"]
[BlackElo "2790"]
[Annotator "Kostakiev,D"]
[PlyCount "70"]
[EventDate "1998.03.13"]
[EventType "tourn (rapid)"]
[EventRounds "11"]
[EventCountry "MNC"]
[EventCategory "18"]
[SourceTitle "CBM 063 Extra"]
[Source "ChessBase"]
[SourceDate "1998.04.29"]
[SourceVersion "1"]
[SourceVersionDate "1998.04.29"]
[SourceQuality "1"]

{If the novelty 21.Nc4!? will find adherents, it should be most probably
because of the missed possiblility 25.Qe1!? (+/=).} 1. e4 c5 2. Nf3 Nc6 3. d4
cxd4 4. Nxd4 Nf6 5. Nc3 e5 6. Ndb5 d6 7. Bg5 a6 8. Na3 b5 9. Nd5 Be7 10. Bxf6
Bxf6 11. c3 O-O (11... Rb8 {inf 71/157}) 12. Nc2 Bg5 13. a4 bxa4 14. Rxa4 a5
15. Bc4 Rb8 16. b3 Kh8 17. O-O f5 (17... g6 {inf 71/158}) 18. exf5 Bxf5 19.
Nce3 Bg6 (19... Be6 20. Qd3 Qd7 21. Bb5 (21. Rd1 Qf7 {0-1 Alybaev D-Razvaliaev
N/Ch URS (team) (corr.), corr. 1994 (25)}) 21... Qb7 {Karatekin,T-Orton
William R/Ch World (juniors) (under 1995/1-0 (55)}) 20. Be2 Bf7 21. Nc4 $146 (
21. Bf3 {Kindermann,S-Birnboim,N/Munich 1987/1/2-1/2 (49)}) (21. Bc4 $5 $146
Be6 22. Qe2 $14) 21... Nd4 22. cxd4 Bxd5 23. dxe5 Bxc4 (23... dxe5 24. Nxa5 Rf4
25. Bc4 $16) 24. Bxc4 dxe5 {[#]} 25. Qe2 $6 (25. Qe1 $5) 25... Qc7 26. Rfa1 Be7
(26... Bh4 $6 27. f3 $140 (27. g3 Be7 28. Qe4 Bc5 29. R1a2 Qb6 $11) 27... Qc5+
28. Kh1 Bd8 $14) 27. f3 $1 $11 {^-} (27. Rxa5 $6 Bc5 $15) (27. Qh5 $6 Bc5 28.
R4a2 $142 (28. R1a2 $6 Qb6 (28... e4 29. Rxa5 $16) 29. Rxa5 Rxf2 30. Kh1 Qxb3
$1 $19) 28... e4 29. Re1 a4 $1 30. bxa4 (30. Rxe4 axb3 31. Rb2 Qa7) 30... Bxf2+
31. Rxf2 Rxf2 32. Kxf2 Qxc4 $15) 27... Bb4 28. Rd1 (28. Bd3 $5) 28... Rf4 29.
Raa1 Rbf8 30. Bd5 Rd4 31. Kh1 Rd8 32. Be4 Qc3 33. Rab1 Rxd1+ 34. Rxd1 Rxd1+ 35.
Qxd1 Qe1+ 1/2-1/2

[Event "WCC cand"]
[Site "Cazorla"]
[Date "1998.05.25"]
[Round "2"]
[White "Shirov, Alexei"]
[Black "Kramnik, Vladimir"]
[Result "1/2-1/2"]
[WhiteElo "2710"]
[BlackElo "2790"]
[Annotator "Lukacs,P"]
[PlyCount "46"]
[EventDate "1998.05.24"]
[EventType "match"]
[EventRounds "9"]
[EventCountry "ESP"]
[SourceTitle "CBM 065"]
[Source "ChessBase"]
[SourceDate "1998.08.06"]
[SourceVersion "1"]
[SourceVersionDate "1998.08.06"]
[SourceQuality "1"]

1. e4 {Blatny,P} e5 2. Nf3 Nf6 3. d4 Nxe4 4. Bd3 d5 5. Nxe5 Nd7 6. Nxd7 Bxd7 7.
O-O Bd6 8. Nc3 (8. Re1 $2 Bxh2+ $11) (8. c4 {is another theoretical
continuation.}) 8... Nxc3 (8... Qh4 {is now recommended by the theory since
the Kamsky-Karpov match game. Perhaps something new has been found?} 9. g3 (9.
h3 Bxh3 10. gxh3 Qxh3 $11) 9... Nxc3 10. bxc3 (10. Qe1+ Qe7 11. Qxc3 O-O 12.
Qb3 Bc6 $11) 10... Qg4 $1 11. Re1+ Kd8 $1 (11... Kf8 12. Be2 Qf5 13. Rb1 {
/\ c4 +/= L.Chritiansen} (13. c4 $6 dxc4 14. Bxc4 h5 $5 {activating the R from
his initial position.} 15. h4 Re8 16. Rxe8+ Bxe8 17. Be3 b5 18. Qd3 Qxd3 $11 {
Magem Badals-Illescas, Pamplona 1995/1996})) 12. Be2 (12. Qxg4 Bxg4 $11) 12...
Qf5 13. Rb1 b6 14. c4 dxc4 15. Bxc4 Re8 16. Be3 Bc6 $11 {Kamsky-An.Karpov,
Elista 1996 (m6)}) 9. bxc3 O-O (9... Qh4 10. Re1+ Kd8 (10... Kf8 11. g3 $1) 11.
h3 $1) 10. Qh5 f5 11. Rb1 b6 12. Re1 (12. Qf3 $5 {was also tried by the
players before:} c6 13. Bf4 Qc7 14. Bxd6 Qxd6 15. Rfe1 Rae8 $11 {
Shirov-Kramnik, Belgrade 1997}) (12. c4 {Blatny,P} dxc4 13. Bxc4+ Kh8 14. Bg5
Qe8 15. Qh4 Qg6 16. Bd3 Rae8 17. c4 h6 18. Be3 Qf7 19. Bf4 Qf6 20. Qxf6 Rxf6
21. Bd2 {Palac,M-Fridman,D/EU-chTM 1997/EXP 57/1/2-1/2 (59)}) 12... c6 (12...
Qf6 13. Qf3 c6 14. Bf4 b5 15. Qg3 Bxf4 16. Qxf4 Rac8 (16... Rf7 {-
Shirov-Anand, Groningen, (m/2) CBM 63}) 17. h4 g6 18. Re3 Kg7 19. Rbe1 {
White has the total control over the opened <-> e, and he can exploit the
weaknesses of the dark squares.} Rf7 20. Re5 (20. Rg3 $142 {/\ h5 +/= is
interesting}) 20... h5 $1 21. R5e3 Kh7 22. Kf1 Kg7 23. Kg1 Kh7 24. Kf1 Kg7 $11
{Solozhenkin-Kochyev, St.Petersburg-ch 1998 Black can passively hold his
position, because a breakthrough is not easy to find.}) 13. Bg5 Qc7 14. c4 (14.
Be7 Rfe8 (14... g6 {Blatny,P} 15. Qh4 Rfe8 $11) 15. Bxd6 Qxd6 $11 16. Bxf5 $4 (
16. h3 {Blatny,P} Re7 17. f4 g6 18. Qh4 Rae8 19. Rxe7 Rxe7 20. Kf1 Re8 21. Re1
Qa3 22. Rxe8+ Bxe8 23. Qd8 Kf7 {1/2-1/2 Geller,E-Jussupow,A/URS-ch47 1979/
URS-ch}) 16... g6) 14... Be8 (14... dxc4 $6 {allows White the penetration after
} 15. Bxc4+ Kh8 16. Bf7 $1 Bxh2+ 17. Kh1 $44) 15. Qh3 (15. Qh4 {Blatny,P} dxc4
16. Bxc4+ Bf7 $11) 15... dxc4 16. Bxc4+ (16. Bxf5 $6 h6 17. Be6+ Bf7) 16... Bf7
17. Be6 (17. Bxf7+ {Blatny,P} Qxf7 18. Qb3 Qxb3 19. axb3 Rae8 $11) 17... Bxe6
18. Rxe6 Rae8 {and Black has fully equalized.} 19. Qb3 (19. Rbe1 $5 {Blatny,P}
Rxe6 20. Rxe6 $11) 19... Rxe6 (19... Bxh2+ $5 {Blatny,P}) 20. Qxe6+ Rf7 21.
Qe8+ Rf8 22. Qe6+ Rf7 23. Qe8+ Rf8 1/2-1/2